00338 a2200121 4500020001500000082001800015100001700033245006200050250001100112260004200123300003200165650001900197 a0632041269 a624.15136 SMI aSmith, G. N. aElements of Soil Mechanics/cG. N. Smith, Ian G. N. Smith a7th ed aLondon :bBlackwell Publishing,c1988 axiv, 494p. :bill. ;c29 cm aSoil Mecahnics